Persona 5 + Royal - Statistiques

Statistiques générales
  • Ce quiz a été pris 225 fois
  • Le résultat moyen est 18 sur 25
Statistiques - réponses
Indice Réponse % Correct
Secourue lors du premier Palais Ann Takamaki
88%
Nom du monstre du protagoniste Arsène
88%
Son premier ami Ryuji Sakamoto
86%
Fille du gérant ducafé LeBlanc Futaba Sakura
85%
Boss du Palais de la Paresse Futaba Sakura
85%
Maître de ce même lieu Igor
85%
Présidente du conseildes éleves au lycée Shûjin Makoto Niijima
84%
Monstre invoqué à partirdu masque Persona
84%
Personnage principaldu jeu Ren Amamiya
83%
Fille du PDG d'une grosse entreprise Haru Okumura
82%
Un célèbre détective Akechi Goro
80%
Boss du Palais de la Luxure Suguru Kamoshida
74%
Boss du Palais de l'Envie Sae Niijima
73%
Boss du Palais de l'Avarice Kunikazu Okumura
72%
Gardiennes de ce lieu Caroline et Justine
71%
Boss du Palais de la Vanité Ichiryusai Madarame
69%
Personnage inclus de la partie "Royal" Sumire Yoshizawa
69%
Boss du Palais de la "Réalité" Takuto Maruki
69%
Elève au lycée Kosei Yusuke Kitagawa
69%
Ce lieu existe entre le rêve et la réalité, l'esprit et la matière La Chambre de Velours
67%
Boss du Palais de l'Orgueil Masayoshi Shido
63%
Boss du Palais de la Gourmandise Junya Kaneshiro
60%
Première carte de tarot divinatoire Le Mat
53%
Boss du Palais de tous Le Saint Graal
49%
Boss final du jeu Jaldabaoth
12%
Aucun quiz correspondant
Distribution des résultats
% des personnes avec chaque résultat
Percentile par nombre de réponses
Votre historique - résultats
Vous n’avez pas pris ce quiz